Tratado de derecho administrativo : volumen II (parte general: conclusion) / volumen II (parte general: conclusion) /
Descripción Física:
515 pàgines ; 21 cm
Colección:
Colección estudios de administración ; 22
Materias:
Dret administratiu
MARC
| LEADER | 00000nam a2200000Ia 4500 | ||
|---|---|---|---|
| 001 | 179 | ||
| 003 | AGDB | ||
| 005 | 20260324175339.0 | ||
| 008 | 160829s1966 xx 000 0 cat d | ||
| 017 | |2 Oficina Dipòsit Legal Madrid |a M 18375-1966 | ||
| 080 | |a D-3-11 | ||
| 100 | |a Garrido Falla, Fernando |9 28280 | ||
| 245 | |a Tratado de derecho administrativo : |b volumen II (parte general: conclusion) / |c Fernando Garrido Falla | ||
| 250 | |a 3a ed. | ||
| 260 | |a Madrid : |b Instituto de Estudios Políticos, |c 1966 | ||
| 300 | |a 515 pàgines ; |c 21 cm | ||
| 490 | |a Colección estudios de administración ; 22 | ||
| 590 | |a Notes, referències bibliogràfiques. | ||
| 590 | |a Conté: v. 2: Parte general: conclusión | ||
| 650 | 0 | |a Dret administratiu |9 7957 | |
| 710 | 2 | |a Instituto de Estudios Políticos (Madrid) |9 54518 | |
| 901 | |a Arxiu | ||
| 942 | |n 1 |2 udc |c ARXIU | ||
| 952 | |0 0 |1 0 |4 0 |6 D311 |7 1 |9 44757 |a Arxiu |b Arxiu |d 2016-12-01 |l 0 |o D-3-11 |p 179 |r 2016-12-01 00:00:00 |w 2016-12-01 |y ARXIU | ||
| 999 | |c 47339 |d 47339 | ||